| 000 | 01392nam0a2200373 4500 | ||
|---|---|---|---|
| 001 | RU\NLR\bibl\1205109 | ||
| 005 | 20250615103101.0 | ||
| 010 |
_a978-5-17-040987-7 _bАСТ |
||
| 010 |
_a978-5-89173-341-1 _bПолигон _92500 |
||
| 021 |
_aRU _b2008-6747 _9363 |
||
| 021 |
_aRU _b2008-6734 _9361 |
||
| 035 | _a(nilc)IZD\AST\2007\775706 | ||
| 035 | _a(NLR Aleph) 001191586 | ||
| 090 |
_a1720733 _c1720733 |
||
| 100 | _a20080123d2007 |||y0rusy50 ca | ||
| 101 | 0 | _arus | |
| 102 | _aRU | ||
| 105 | _aa ||||||||| | ||
| 200 | 1 |
_aСамые красивые места и города России _fавт.-сост. В.Н. Сингаевский |
|
| 210 |
_aМосква _cАСТ _aСанкт-Петербург _cПолигон _d2007 |
||
| 215 |
_a256 с. _cил., цв. ил. _d26 |
||
| 606 | 1 |
_aГорода _yРоссия _91454521 _3RU\NLR\auth\66306772 |
|
| 606 | 1 |
_aПамятники истории и культуры _yРоссия _92100409 _3RU\NLR\auth\661270364 |
|
| 686 |
_a0841 _aПамятники архитектуры _2TCC-BG |
||
| 686 | _aТ3(2)0-22 | ||
| 686 |
_a85.113(2) _vLBC/PL |
||
| 702 | 1 |
_aСингаевский _bВ. Н. _4220 |
|
| 801 | 0 |
_aRU _bЛИБНЕТ _c20080123 |
|
| 801 | 1 |
_aRU _bЦУНБ Москва _c20080207 _2rusmarc |
|
| 801 | 2 |
_aRU _bNLR _c20080326 _grcr |
|
| 830 | _aCODE_OF_LIBNET\000003991 | ||
| 942 | _cBOOK | ||
| 980 | _aNB | ||